Group work leadership: An introduction for helpers (Record no. 11366)

MARC details
000 -LEADER
fixed length control field 00469nam a2200169Ia 4500
008 - FIXED-LENGTH DATA ELEMENTS--GENERAL INFORMATION
fixed length control field 230917s9999||||xx |||||||||||||| ||und||
020 ## - ISBN
Price USD90
040 ## - CATALOGING SOURCE
-- 216267
Original cataloging agency VIVEKANANDA LIBRARY
041 ## - Language
-- English
082 ## - DDC NUMBER
Classification number 361.4 C469G
100 ## - MAIN ENTRY--PERSONAL NAME
Personal name Conyne, Robert K
245 #0 - TITLE STATEMENT
Title Group work leadership: An introduction for helpers
260 ## - PUBLICATION, DISTRIBUTION, ETC. (IMPRINT)
Place of publication, distribution, etc Los Angeles
Name of publisher, distributor, etc Sage Publictions
Date of publication, distribution, etc 2014
300 ## - PHYSICAL DESCRIPTION
Pages xiii, 339 p.
500 ## - GENERAL NOTE
General note 1544 15/05/2014 33 16/05/2014 Main Budget
942 ## - ADDED ENTRY ELEMENTS (KOHA)
Koha item type Books
Holdings
Withdrawn status Lost status Damaged status Not for loan Location (home branch) Sublocation or collection (holding branch) Date acquired Koha issues (times borrowed) Koha full call number Accession No. Koha date last seen Koha item type
        VIVEKANANDA LIBRARY VIVEKANANDA LIBRARY 30/06/2014   361.4 C469G 337382 17/09/2023 Books
© Designed and Maintained by Vivekananda Library, MDU Rohtak